Introduction to Economic Growth 3e (Record no. 327186)

000 -LEADER
fixed length control field 00356 a2200145 4500
001 - CONTROL NUMBER
control field 92113
082 ## - DEWEY DECIMAL CLASSIFICATION NUMBER
Classification number 338.9 JON
090 ## - LOCALLY ASSIGNED LC-TYPE CALL NUMBER (OCLC); LOCAL CALL NUMBER (RLIN)
-- 44077
-- 44076
100 ## - MAIN ENTRY--PERSONAL NAME
Personal name Charles I Jones and Dietrich Vollrath
245 ## - TITLE STATEMENT
Title Introduction to Economic Growth 3e
250 ## - EDITION STATEMENT
Edition statement 3
260 ## - PUBLICATION, DISTRIBUTION, ETC.
Place of publication, distribution, etc. USA
Name of publisher, distributor, etc. W W Norton
Date of publication, distribution, etc. 2013
300 ## - PHYSICAL DESCRIPTION
Extent xiv, 306p.
Other physical details Pb
500 ## - GENERAL NOTE
General note General Book
942 ## - ADDED ENTRY ELEMENTS (KOHA)
Institution code [OBSOLETE] CAE NUST
Call number prefix 338.9 JON
Holdings
Withdrawn status Lost status Damaged status Not for loan Collection code Permanent Location Current Location Date acquired Total Checkouts Full call number Barcode Date last seen Price effective from Koha item type
          College of Aeronautical Engineering (CAE) College of Aeronautical Engineering (CAE) 04/03/2017   338.9 JON CAE88498 04/05/2017 04/05/2017 Book
© 2023 Central Library, National University of Sciences and Technology. All Rights Reserved.